000 01017nam0a22002531 4500
001 rc\3709719
005 20260407112454.0
021 _aRU
_b[73-39943]
035 _a(NLR Aleph) 007857351
090 _a7792955
_c7792955
100 _a20130115g19721973|||y0rusy50 ca
101 0 _arus
102 _aRU
105 _ay z |||||
200 1 _aКоммунистическая партия Латвии в цифрах. (1904-1971 гг.)
_fИн-т истории партии при ЦК КП Латвии - филиал Ин-та марксизма-ленинизма при ЦК КПСС
210 _aРига
_cЛиесма
_d1972 [вып. дан. 1973]
215 _a190 с.
_d22
601 0 2 _aКП Латвии
_xРост и регулирование состава
_jСтатистика
_2psbo
712 0 2 _aИнститут истории партии
_cРига
_9630588
_3RU\NLR\AUTH\8810064504
801 0 _aRU
_bNLR
_gpsbo
801 1 _aRU
_bELAR
_2rusmarc
852 _aNLR
_j73-5/1827
942 _cBOOK
980 _aNB